| 000 -NÁVESTIE |
| fixed length control field |
00377nam a2200157 a 4500 |
| 008 - ÚDAJE S PEVNOU DĹŽKOU – VŠEOBECNÉ INFORMÁCIE |
| fixed length control field |
00 d19s1989slocxo r 0 slo c |
| 040 ## - ZDROJ KATALOGIZÁCIE |
| Pôvodná katalogizujúca agentúra |
SNK |
| Jazyk katalogizácie |
slo |
| Prepisujúca agentúra |
SNK |
| Konvencie popisu |
AACR2 |
| 041 1# - KÓD JAZYKA |
| Kód jazyka textu/zvukovej stopy alebo samostatných nápisov |
slo |
| 044 ## - KÓD KRAJINY VYDAVATEĽA/PRODUCENTA |
| Kód krajiny MARC |
xo |
| Kód krajiny ISO |
SK |
| 020 ## - MEDZINÁRODNÉ ŠTANDARDNÉ ČÍSLO KNIHY (ISBN) |
| Údaje o dostupnosti |
43 |
| 100 1# - OSOBNÉ MENÁ – VŠEOBECNÉ INFORMÁCIE |
| Osobné meno |
Veselý, Jiří |
| 245 10 - NÁZOV |
| Názov |
Malá encyklopedie šachu |
| 260 ## - VYDAVATEĽSKÉ ÚDAJE, DISTRIBÚCIA ATĎ. |
| Miesto publikovania, distribúcie atď. |
Praha/Bratislava |
| Názov vydavateľa, distibútora atď. |
Olympia/Šport |
| Dátum publikovania, distribúcie atď. |
1989 |
| 300 ## - FYZICKÝ POPIS |
| Rozsah |
430 s. |
| 958 ## - Formálny deskriptor |
| Formálny deskriptor |
A |